Автоматизация конструкторского проектирования в радиоэлектронике и вычислительной технике; Т. 1 : Автоматизация технического проектирования

Dades bibliogràfiques
Autor corporatiu: Каунасский политехнический институт (КПИ)
Altres autors: Сыпчук П. П. (редактор)
Idioma:rus
Publicat: Вильнюс, [Б. и.], 1981
Matèries:
Format: MixedMaterials Llibre
KOHA link:https://koha.lib.tpu.ru/cgi-bin/koha/opac-detail.pl?biblionumber=297341

MARC

LEADER 00000nam0a2200000 4500
001 297341
005 20231102001010.0
035 |a (RuTPU)RU\TPU\book\322474 
090 |a 297341 
100 |a 20150608d1981 km y0rusy50 ca 
101 0 |a rus 
102 |a RU 
105 |a a z 001zy 
200 1 |a Автоматизация конструкторского проектирования в радиоэлектронике и вычислительной технике  |h Т. 1 : Автоматизация технического проектирования  |f Каунасский политехнический институт (КПИ) ; под ред. П. П. Сыпчука 
210 |a Вильнюс  |c [Б. и.]  |d 1981 
215 |a 217 с.  |c ил. 
320 |a Библиография в конце статей 
606 1 |a Проектно-конструкторские работы  |x Автоматизация  |2 stltpush  |3 (RuTPU)RU\TPU\subj\51821  |9 70382 
610 1 |a конструкторское проектирование 
610 1 |a радиоэлектроника 
610 1 |a вычислительная техника 
610 1 |a применение 
610 1 |a электронные схемы 
610 1 |a топология 
610 1 |a БИС 
610 1 |a неисправности 
610 1 |a большие интегральные схемы 
675 |a 658.512.2.011.56  |v 4 
702 1 |a Сыпчук  |b П. П.  |4 340 
712 0 2 |a Каунасский политехнический институт (КПИ)  |c (1951-1990)  |2 stltpush  |3 (RuTPU)RU\TPU\col\19320 
801 1 |a RU  |b 63413507  |c 20150608 
801 2 |a RU  |b 63413507  |c 20181031  |g RCR 
942 |c BK